Quizzes
Events
Quiz Creation
Community
Videos
Private Events
Remove Ads
Sign In
Join for FREE
Feedback
Dark Mode
Quiz Categories
Sports
Geography
Music
Movies
Television
Just For Fun
Miscellaneous
History
Literature
Language
Science
Gaming
Entertainment
Religion
Holiday
For Kids
Quiz Lab
Recent
Popular Today
Quiz Kudos Today
Editor Picks
Curator Picks
Quizzes by...
Day
Popularity
Type
Ratings
Length
Year
Community
Subscriptions
Recent Discussions
Orange Saloon
Badges
Playlists
Quests
Create
Leaderboards
Showdown
Live 5
Trivia Bingo
Activity
Puzzle Library
Sporcle Events
Private Events
Virtual Trivia
Globe League
Become a Host
Pub Owners
SporcleCon
Opinionation
Our Games
Videos
Blog
Mobile Apps
Partnerships
Remove Ads and Go Orange
Feedback
Entertainment
Celebrity
Famous
Musical
Broadway
Show
Quote
Comic Books
Anime
Superhero
DC Comics
Marvel
Cartoons
Animation
Entertainment
Celebrity
Famous
Musical
Broadway
Show
Quote
Comic Books
Anime
Superhero
DC Comics
Marvel
Cartoons
Animation
Random Quiz
Search Sporcle
×
Quiz Lab
Quiz Lab
Entertainment
Actor
Type in answers that appear in a list
Type in answers that appear in a list
Classic
Best Score? Go Orange.
Podcast by Comedian's Name Stats
Can you name the Podcast by Comedian's Name?
By
roy325
10m
20 Questions
260 Plays
260 Plays
260 Plays
Comments
Comments
Give Quiz Kudos
Give Quiz Kudos
-
- Ratings
hide this ad
More Info
Replay
Link that replays current quiz
Next Quiz
Link to next quiz in quiz playlist
You Got
0%
They Got
Avg Score
38%
Avg Friend Score
Upgrade to see
Score Distribution
Jump to the score distribution portion of the page
Score
0/20
Timer
10:00
0
Plays Today
Comedian Host(s)
Podcast
% Correct
Marc Maron
WTF
88.5%
Doug Benson
Doug Loves Movies
70%
Chris Hardwick
The Nerdist
69.2%
Jimmy Pardo
Never Not Funny
59.6%
Scott Aukerman
Comedy Death Ray
57.7%
Joe Rogan
Joe Rogan Experience
50%
Randy and Jason Sklar
Sklarbro Country
49.6%
Paul F Tompkins
Pod F Tompkast
45.4%
Howard Kremer aka Dragon Boy Suede
Who Charted?
43.8%
Jordan Morris
Jordan Jesse Go
38.1%
Comedian Host(s)
Podcast
% Correct
Graham Elwood
Comedy Film Nerds
36.5%
Greg Fitzsimmons
Fitzdog Radio
31.2%
Jesse Thorn
The Sound of Young America
27.3%
Jimmy Dore
Comedy and Everything Else
20.4%
Steve Agee
Uhh
15.8%
Jerry Minor
Cyber Thug Radio
15.8%
Matt Walsh and Scot Armstrong
Bear Down
13.1%
Eddie Pepitone and Sean Conroy
The Long Shot
12.3%
Matt Braunger and Matt Dwyer
Matts Radio
11.5%
Jason Nash
Guys With Feelings
10%
Quiz Playlist
Details
Report
Send in Message
Add To Playlist
More Info:
Answer the Podcast that the Comedian hosts, such as the Adam Carolla Podcast is hosted by Adam Carolla.
Classic:
Type in answers that appear in a list
Last Updated: Mar 13, 2017
Quiz Scoreboard
CHALLENGE
Sign Up to Join the Scoreboard
Show All
Scores
Hide
Comments
May contain spoilers
Recently Published
1-10 Letter E Words III
by El_Dandy
Language
2m
One Thing in Common: World Cities II
by knightlancer
Geography
7m
Popular People in 1961
by mucciniale
History
6m
More to Explore
Quiz From the Vault
Featured Blog Post
Where Did the Easter Bunny Come From?
hide this ad
You Might Also Like...
Tags
Actor Quiz
Celebrity Quiz
Show Quiz
Comedian
host
podcast
radio
Today's Top Quizzes in Entertainment
Browse Entertainment
hide this ad
Today's Top Quizzes in Actor
Browse Actor
Top Contributed Quizzes in Entertainment
1
Kamen Rider Motifs
2
Dragon Ball Z: Goku's Fights in Order
3
Dragon Ball Z: Mega Character Search
4
One Piece Arcs By Order III
5
Survivor Winners Logic Quiz
6
Undead Unluck Minefield
7
Who Wants to Be a Millionaire: Anime Edition
8
Naruto Arcs in order
9
Demon Slayer 11-1
10
Criteria Quickie: Cartoon Taxonomy II
Explore More
Trending Topics
Disney
Anime
Kpop
Marvel
Crossword
Harry Potter
NBA
Puzzle
The Office
Song
Soccer
NFL
WWE
Country
Pokémon
hide this ad
More By:
roy325
Quiz
Plays
Rating
Category
Featured
Created
Podcast by Comedian's Name
260
3.75
Entertainment
Dec 11, 2010
Go to Creator's Profile
Score Distribution
Quiz Creator Spotlight
roy325
Follow
Send a Message
Quizzes Created
-
Created Quiz Play Count
-
More By This Creator
Popular Quizzes Today
1
Find the US States - No Outlines Minefield
2
Find the Countries of Europe - No Outlines Minefield
3
The Countries of the World
4
Popular People in 1961
5
1-10 Letter E Words III
6
Find the US States
7
One Thing in Common: World Cities II
8
US States
More Entertainment Quizzes
Comics Duo Vowels I
Editor's Pick
Trending Quizzes
Risky Map Clicking: Least Populous States A-Z
1-10 Letter F Words
1-10 Letter G Words
One Thing in Common: United Kingdom
Risky Map Clicking: Next State Alphabetically
Recently Updated
Leaping Animals
pecheneg
Reality TV Shows (A-Z)
bhenderson79
Rickey Henderson's Hall of Fame Teammates
pecheneg
Champions League XIs: Arsenal
pecheneg
Quick Pick: Celebrities in WWE's Hall of Fame
aduchscher
A-Z Keypad Blitz II
pecheneg
Multiple Oscar Actors
pecheneg
Mystery Phrase Blitz: Oscar 'Best Actors'
pecheneg
F. Scott Fitzgerald Novels
LTH
Pick 3 Villains
ddd62291
Trending Topics
Harry Potter
Anime
Marvel
NBA
Crossword
Kpop
Disney
Song
Pokémon
Puzzle
WWE
The Office
Country
Soccer
NFL
Your Account Isn't Verified!
In order to create a playlist on Sporcle, you need to verify the email address you used during registration. Go to your
Sporcle Settings
to finish the process.
Report this User
Report this user for behavior that violates our
Community Guidelines
.
Details:
Send Report
Go to the Sporcle.com Mobile Site →
Comments